000 00946nas a2200325 4500
001 BR9200153
003 BR-BrBNA
005 20231205092223.0
007 ta
008 230509b bl.|||p| |||| 00| 00por d
040 _aBR-BrBNA
_bpor
_cBiblioteca Nacional de Agricultura
041 _a(Pt)
072 _aF40
100 1 _aAviles, D.P.
100 1 _aPinheiro, M.R.
100 1 _aMatiello, J.B.
100 1 _aMiguel, A.E.
245 1 _aEstudo da fenologia e da fenometria do cafeeiro conilon em comparacao com o catuai, na regiao norte fluminense
650 _aCAFE ROBUSTA
650 _aCAFE CATUAI
650 _aFRUTO
650 _aFLORACAO
650 _aFENOLOGIA
650 _aECOLOGIA VEGETAL
650 _aFISIOLOGIA VEGETAL
650 _aRIO DE JANEIRO
773 0 _tCafeicultura Moderna (Brazil)
_x
_g(Jan-Feb 1989), v. 2(5) p. 15-17
_wBR9200153
909 _a202311
_bLúcia
_c55
_dLúcia Elande
942 _2AGRIS
_n0
_cANA
999 _c130181
_d130181